000 00311nam a2200133 4500
008 190319s ||||xo d
245 1 0 _aVýstupný vzdelávací štandard zo SJaL
250 _a1.vydanie
300 _a80 s.
020 _a80-7098-357-4
_c0
041 1 _aslo
044 _axo
_cSK
958 _aAPR
999 _c22246
_d22246